000 00445nam a2200181Ia 4500
001 23964
005 20260414151012.0
008 260414t1953||||xx |||||||||||||| ||spa||
041 _aESP
082 _a726.6
_bE48
100 _aEmbajada de España
_eAUT
245 0 _aRestauración española de la Catedral del Cuzco
_b
260 _c1953
300 _a120 páginas :
_cil.
650 _aABD
654 _aCAU
942 _cLIB
_dJUS
_fJUS
_2ddc
_n
999 _c23964
_d23964